| 000 | 00666nam a2200169 a 4500 | ||
|---|---|---|---|
| 008 | 111014s1925 ||||||||||||||||| || u | ||
| 050 | _aRK 270 Mac | ||
| 100 | _aMcCoy, James David | ||
| 245 | 1 | 0 | _aDental and oral radiography: a textbook for students and practitioners of dentistry. (3rd ed.) |
| 250 | _a3rd ed. | ||
| 260 |
_aSt. Louis: _bC. V. Mosby Company _c1925 |
||
| 300 | _a197. : ill. | ||
| 350 | _a0.00 | ||
| 650 | 0 | _aDENTISTRY--ATLASES | |
| 650 | _aRADIOGRAPHY | ||
| 995 |
_aMEDICAL LIBRARY OPEN ACCESS _D0.00 _e901313 _FCBU-SCHOOL OF MEDICINE LIBRARY (Ndola) _H1 _I0.00 _jRK 270 MAC _M1 _UAVAILABLE _WOct 14, 2011 _y901313 _ZMedical Library Open Access Collection |
||
| 999 |
_c31226 _d31226 |
||